01485nam a2200265 a 4500001001000000005001700010008004100027041000800068044000700076084002200083100003200105245008000137260001900217300002800236500032900264500016500593500004800758500002900806500011200835506009300947546005201040600004201092650004201134651004301176BRCA_501020190320204912.0291010s1749----mx-######v---#000-0#spa-# aspa amx aDOC76b.L49c17481 aLeza y Guzmán, Antonio de10aDocumento firmado por Don Antonio Leza y GuzmáncAntonio Leza y Guzmán. aMéxicoc1748 a[87] fojasc31 x 22 cm. aCuenta y Relación jurada que da Don Antonio de Leza y Guzmán, Tesorero Mayor de las Rentas y Propios de la Nueva España a los señores del Cabildo, Justicia y Regimiento de ella, procedido a dichas rentas y su distribución de un año corrido desde el primero de enero de 1748 hasta finales de diciembre del mismo. aContiene sellos con el escudo de la casa de Borbón y el lema: ´SELLO QUARTO. UN QUARTILLO. AÑOS DE MIL SETECIENTOS YH QUARENTA Y SIETE Y QUARENTA Y OCHO´. aEl documento contiene la leyenda DOC.# 236. aPapel con marca de agua. aEstado de conservación: contiene márgenes deteriorados y manchas de acidez en gran parte del documento.0 aFondo Reservado. Para su consulta es necesario credencial de usuario y carta de motivos. aTexto en: español de mediados del siglo XVIII14aLeza y Guzmán, Antonio dexHistoria14aAdministración financierazMéxico 4aMéxicoxHistoriayColonia, 1521-1821